000 01218nam a22003497a 4500
003 CHAP
005 20220329135135.0
008 971013s1982 r 00010 d
010 _a31568
011 _a32540
035 _a36655
040 _cCHAP
090 _aTesis
100 0 0 _aLópez, Juan.
_968465
245 _aSustitución del sorgo por una mezcla de harina de raíces, hojas y peciolos de yuca en dietas para marranas durante la gestación y la lactancia
260 _aMéxico, D.F. :
_bEl autor,
_c1982
300 _a38 h.
502 _aTesis (Médico Veterinario Zootecnista) -- UNAM. Fac. de Medicina Veterinaria y Zootecnia
590 _aALEPH
_b10
_c20130110
_lUCH01
_h1253
590 _aBATCH-UPD
_b10
_c20130110
_lUCH01
_h0024
590 _aBATCH-UPD
_b10
_c20130110
_lUCH01
_h1502
590 _aBATCH-UPD
_b10
_c20130410
_lUCH01
_h0923
590 _aBATCH-UPD
_b10
_c20130914
_lUCH01
_h1520
590 _aCONVERSION
_b10
_c20130109
_lUCH01
_h1318
650 1 4 _aGanado porcino
_xAlimentación.
_945329
650 1 4 _aGestación.
_947801
650 1 4 _aLactancia.
_964346
650 1 4 _aYuca como forraje.
_9123309
901 _aBK
942 _cTESIS
949 _bBC
_cTES
_d-84422
_eTS1
_h18468
_i36655
_mD
_si
999 _c31568
_d31568